[Event "Southern Alberta op"]
[Site "Calgary"]
[Date "2002.11.17"]
[Round "4"]
[White "Ward, Kevin"]
[Black "Swiecicki, Bronislaw"]
[Result "0-1"]
[WhiteElo "1663"]
[BlackElo "1751"]
[PlyCount "61"]
[EventDate "2002.11.16"]
[EventType "swiss"]
[EventRounds "5"]
[EventCountry "CAN"]
[SourceTitle "EXT 2017"]
[Source "ChessBase"]
[SourceDate "2016.10.25"]
[SourceVersion "1"]
[SourceVersionDate "2016.10.25"]
[SourceQuality "1"]

1. e4 d5 2. Nc3 d4 3. Nce2 e5 4. d3 c6 5. h3 f5 6. Nf3 Bd6 7. c3 fxe4 8. dxe4 c5 9. Ng3 Bd7 10. Bc4 b5 11. Bd3 c4 12. Be2 d3 13. Bf1 Bc6 14. Nh2 Nf6 15. f3 0-0 16. Bg5 h6 17. Be3 Nbd7 18. Qd2 Qa5 19. Qc1 Rad8 20. Nf5 Qc7 21. Ng4 h5 22. Nf2 Bc5 23. Bxc5 Nxc5 24. Qd2 Qa5 25. Nd1 Nb3 26. axb3 Qxa1 27. bxc4 bxc4 28. g4 Ba4 29. Bg2 Qxd1+ 30. Qxd1 Bxd1 31. Kxd1 0-1

[Event "Southern Alberta op"]
[Site "Calgary"]
[Date "2002.11.16"]
[Round "2"]
[White "Pivovarov, Juraj"]
[Black "Ward, Kevin"]
[Result "1-0"]
[WhiteElo "1820"]
[BlackElo "1663"]
[PlyCount "152"]
[EventDate "2002.11.16"]
[EventType "swiss"]
[EventRounds "5"]
[EventCountry "CAN"]
[SourceTitle "EXT 2017"]
[Source "ChessBase"]
[SourceDate "2016.10.25"]
[SourceVersion "1"]
[SourceVersionDate "2016.10.25"]
[SourceQuality "1"]

1. e4 d5 2. exd5 Qxd5 3. Nc3 Qa5 4. d4 Nf6 5. Bd2 Qb6 6. Nf3 Bg4 7. Be2 c6 8. Na4 Qc7 9. Ne5 Bf5 10. Bc4 e6 11. Bb3 Nbd7 12. f4 Nxe5 13. fxe5 Bg4 14. Qc1 Ne4 15. 0-0 Nxd2 16. Qxd2 0-0-0 17. Qf4 Bh5 18. c3 h6 19. Bc2 g5 20. Qf2 Bg7 21. d5 Rxd5 22. Qxa7 Kd8 23. Bd1 Bg6 24. Bf3 Ra5 25. Qd4+ Qd7 26. Qb4 Qc7 27. Rad1+ Ke8 28. Nc5 Rb5 29. Qc4 Bxe5 30. Nxe6 Qb6+ 31. Kh1 Ke7 32. Nd4 Rc5 33. Qe2 Re8 34. b4 Kf8 35. bxc5 Qxc5 36. Qb2 Re7 37. Qb4 Qxb4 38. cxb4 f5 39. g4 f4 40. Nb3 Bc3 41. Rd8+ Kg7 42. Rfd1 Be4 43. Bxe4 Rxe4 44. Nc5 Re2 45. Rb8 f3 46. Rxb7+ Kg6 47. Rf1 f2 48. Kg2 Bd4 49. Nd3 Rd2 50. Nxf2 Rb2 51. Rc7 Rxb4 52. Rxc6+ Kg7 53. Rd1 Bf6 54. Rd7+ Kg6 55. Rdd6 Rf4 56. Ne4 Rxe4 57. Rxf6+ Kg7 58. Rxh6 Rxg4+ 59. Kf3 Rf4+ 60. Ke3 Ra4 61. Rhg6+ Kf7 62. Rxg5 Rh4 63. Rb5 Rh3+ 64. Kf4 Ke8 65. Rb7 Kd8 66. Rg6 Kc8 67. Ra7 Kb8 68. Rf7 Rh8 69. Ke5 Re8+ 70. Kd6 Rd8+ 71. Kc6 Rc8+ 72. Kb6 Ka8 73. Ka6 Rd8 74. Rgf6 Kb8 75. Rf8 Rxf8 76. Rxf8+ Kc7 1-0

[Event "Alberta op"]
[Site "Edmonton"]
[Date "1999.10.11"]
[Round "5"]
[White "Ward, Kevin"]
[Black "Kazakevich, Anastasia"]
[Result "0-1"]
[WhiteElo "1817"]
[BlackElo "1537"]
[PlyCount "86"]
[EventDate "1999.10.09"]
[EventType "swiss"]
[EventRounds "6"]
[EventCountry "CAN"]
[SourceTitle "EXT 2017"]
[Source "ChessBase"]
[SourceDate "2016.10.25"]
[SourceVersion "1"]
[SourceVersionDate "2016.10.25"]
[SourceQuality "1"]

1. e4 d5 2. exd5 Qxd5 3. Nc3 Qa5 4. d3 Nf6 5. g3 Bg4 6. Nge2 c6 7. Bg2 e6 8. Bd2 Bb4 9. a3 Bxc3 10. Bxc3 Qd8 11. Qd2 Nbd7 12. h3 Bf5 13. g4 Bg6 14. Nf4 e5 15. Nxg6 hxg6 16. 0-0-0 Qc7 17. Rhe1 0-0-0 18. Qe3 Rhe8 19. g5 Nd5 20. Bxd5 cxd5 21. Qxa7 f6 22. gxf6 gxf6 23. Qa8+ Qb8 24. Qa4 Re6 25. Qg4 f5 26. Qg5 Rde8 27. f3 Qc7 28. Re2 Nc5 29. Qd2 d4 30. Kb1 dxc3 31. Qxc3 e4 32. d4 exf3 33. Rxe6 Nxe6 34. Qxc7+ Kxc7 35. c3 g5 36. Kc2 g4 37. hxg4 fxg4 38. Rf1 Ng5 39. Rg1 f2 40. Rxg4 f1Q 41. Rxg5 Qe2+ 42. Kb3 b5 43. Rc5+ Kb6 0-1